000 01209nam a22003497a 4500
003 CHAP
005 20220329140045.0
008 971013s1950 r 00010 d
010 _a46339
011 _a47311
035 _a51453
040 _cCHAP
090 _aTesis
100 0 0 _aPérez Amador, Félix.
_989510
245 _aAprovechamiento de las aguas subterráneas en el Territorio Sur de Baja California
260 _aChapingo, Méx. :
_bEl autor,
_c1950
300 _a60 p.
_b: ilus.
502 _aTesis (Ing. Agr. Esp. en Irrigación) -- ENA. Departamento de Irrigación
590 _aALEPH
_b10
_c20130110
_lUCH01
_h1315
590 _aBATCH-UPD
_b10
_c20130110
_lUCH01
_h0129
590 _aBATCH-UPD
_b10
_c20130110
_lUCH01
_h2239
590 _aBATCH-UPD
_b10
_c20130409
_lUCH01
_h2124
590 _aBATCH-UPD
_b10
_c20130410
_lUCH01
_h1533
590 _aBATCH-UPD
_b10
_c20130913
_lUCH01
_h2234
590 _aCONVERSION
_b10
_c20130109
_lUCH01
_h1325
650 1 4 _aAgua subterránea
_xBaja California.
_92458
650 1 4 _aAgua
_xAprovechamiento
_xBaja California.
_92285
901 _aBK
942 _cFOLL
949 _bBC
_cTES
_d-115090
_eTS1
_i51453
_si
949 _bBC
_cTES
_d-115091
_eTS2
_fc.2
_i51453
_si
999 _c46339
_d46339